Manual de Didáctica de la Lengua y la Literatura

Uloženo v:
Podrobná bibliografie
Hlavní autor: Martín Vegas, Rosa Ana (autora)
Médium: Kniha
Jazyk:španělština
Vydáno: Madrid Síntesis 2009
Vydání:1a. ed
Témata:
Tagy: Přidat tag
Žádné tagy, Buďte první, kdo vytvoří štítek k tomuto záznamu!

MARC

LEADER 00000cam a2200000 a 4500
001 UCC2966
003 CL-VaPUC
008 180329e20090000sp |||||||||||||||||spa|d
020 |a 9788497566346 
082 0 4 |a 372.416  |b MAR  |2 21 
100 |a Martín Vegas, Rosa Ana  |e autora  |9 596954 
245 1 0 |a Manual de Didáctica de la Lengua y la Literatura 
250 |a 1a. ed 
300 |a 475 p 
942 |c BK 
945 |d 20180329 11:34:00  |a dcastane 
260 |a Madrid  |b Síntesis  |c 2009 
650 0 |a Didáctica   |9 369923 
650 0 |a Métodos de enseñanza  |9 270413 
650 0 |a Métodos de estudio  |9 260518 
650 0 |a Enseñanza de la literatura  |9 283372 
583 |a last modification  |c 20180329 11:34:00  |k Rodrigo Vera 
999 |c 370842  |d 370840 
952 |0 0  |1 0  |3 erb  |4 0  |6 372_416000000000000_MAR_2009  |7 0  |8 A  |9 487523  |a BIBEDU  |b BIBEDU  |c ES_NOD  |i 5461200  |l 9  |m 2  |o 372.416 MAR 2009  |p 5461200  |r 2024-05-17  |s 2024-04-18  |w 2019-11-24  |y BK  |z Catalogado en:20180329  |k LIT 
952 |0 0  |1 0  |3 erb  |4 0  |6 372_416000000000000_MAR_2009  |7 0  |8 A  |9 487524  |a BIBEDU  |b BIBEDU  |i 5461219  |l 6  |m 2  |o 372.416 MAR 2009  |p 5461219  |r 2025-04-15  |s 2025-04-04  |w 2019-11-24  |y BK  |z Catalogado en:20180329  |k LIT